Super Bass - Nicki Minaj - All Lyrics - Statistics

General Stats
  • This quiz has been taken 403 times
  • The average score is 532 of 665
Answer Stats
Answer % Correct
I
98%
a
97%
badoom,
97%
badoom
97%
Boom,
97%
boom,
97%
boom
97%
ho
97%
oh
97%
Oh,
97%
uh
97%
F
96%
he
95%
He
95%
on
95%
the
95%
AC
94%
go
94%
This
94%
Boy,
93%
Got
92%
got
92%
be
91%
for
91%
is
91%
to
91%
n****s
90%
one
90%
with
90%
in
89%
boys
88%
hey
88%
Yeah,
88%
yeah,
88%
yeah)
88%
you
88%
You
88%
system
87%
up
87%
like
86%
that
86%
down,
84%
hear
84%
bass?
83%
bass
83%
(Bass,
83%
bass)
83%
(Bass)
83%
my,
83%
my
83%
of
83%
When
83%
when
83%
And
82%
and
82%
super
82%
Top
82%
me,
80%
me
80%
your
80%
club,
79%
away
78%
away,
78%
might
78%
fly
77%
blazin'
76%
so
76%
am
75%
boomin'
75%
come
75%
guy
75%
heartbeat
74%
coke
73%
hell
73%
kind
73%
look,
73%
look
73%
runnin'
73%
can
72%
Nicki
72%
real,
72%
sell
72%
way
72%
way?
72%
yes,
72%
Yes,
72%
it
71%
Minaj,
71%
comin'
70%
excuse
70%
Excuse
70%
stacks
70%
That's
70%
that's
70%
Then
70%
who
70%
you're
70%
You're
70%
deuce
69%
eye,
69%
him
69%
but
68%
But
68%
did,
68%
did
68%
drum
68%
dude
67%
pop
67%
savin'
67%
tell
67%
deal
66%
get
66%
lookin'
66%
lookin',
66%
'em
65%
ill,
65%
mean,
65%
right
65%
them
65%
Beatin'
64%
deck
64%
if
64%
I'm
64%
it's
64%
lip,
64%
lip
64%
please
64%
tie
64%
air,
63%
always
63%
never
63%
pelican
63%
Somebody
63%
thing
63%
bottles
62%
Can't
62%
gotta
62%
kiss
62%
his
61%
was
59%
shy
58%
loving
57%
mack
57%
said,
57%
dope,
56%
drip,
56%
slapped
56%
kinda
55%
dudes
53%
coach
52%
you'll
52%
don't
51%
Don't
51%
than
51%
American
50%
No,
50%
no,
50%
guys
48%
make
48%
slicker
48%
Back
47%
know,
47%
Know,
47%
know
47%
give
46%
ship,
46%
ship
46%
cold,
45%
cooler
45%
side,
45%
stay
45%
feminine
44%
off,
43%
touch
43%
really
42%
just
41%
life
40%
need
40%
panties
40%
better
39%
polos
39%
think
38%
coupes
37%
sailor
37%
trip,
37%
cap
36%
sigh,
35%
ain't
34%
solo
34%
See,
32%
Entrepreneur
31%
put
31%
build
29%
even
29%
eyes
28%
sickenin'
28%
fitted
26%
chuck
23%
try
23%
could
22%
moguls
22%
ball
17%
crew,
17%
mothafuckin'
17%
dolo
16%
No matching quizzes found
Score Distribution
Percent of People with Each Score
Percentile by Number Answered
Your Score History
You have not taken this quiz